[Event "Harburg-chG 9th"]
[Site "Hamburg"]
[Date "2011.08.20"]
[Round "2"]
[White "Eschweiler, Markus"]
[Black "Kalauch, Jonathan"]
[Result "1-0"]
[WhiteElo "1481"]
[BlackElo "1536"]
[PlyCount "103"]
[EventDate "2011.08.19"]
[EventType "tourn"]
[EventRounds "5"]
[EventCountry "GER"]
[SourceTitle "EXT 2012"]
[Source "ChessBase"]
[SourceDate "2011.11.24"]
[SourceVersion "1"]
[SourceVersionDate "2011.11.24"]
[SourceQuality "1"]

1. c4 Nf6 2. Nc3 g6 3. e4 d6 4. d4 Bg7 5. Nf3 0-0 6. Be2 Bg4 7. Be3 Nbd7 8. h3 Bxf3 9. Bxf3 c5 10. Qb3 cxd4 11. Bxd4 Rb8 12. Bxa7 Nc5 13. Bxc5 dxc5 14. 0-0 Nd7 15. Rad1 Bxc3 16. Qxc3 Qc7 17. Rd2 Rfd8 18. Rfd1 f6 19. Be2 Ne5 20. Qg3 Rxd2 21. Rxd2 Qa5 22. Qe3 Qxa2 23. Qxc5 Qb1+ 24. Bf1 Qxe4 25. Qd5+ Qxd5 26. Rxd5 Kf8 27. Kh2 e6 28. Rd2 Ke7 29. Kg3 b6 30. Kf4 g5+ 31. Ke4 Nc6 32. Kd3 Rd8+ 33. Kc3 Rxd2 34. Kxd2 f5 35. Kc3 e5 36. b4 Kd6 37. Be2 Nd4 38. Bd3 Ke6 39. g4 fxg4 40. hxg4 h6 41. c5 bxc5 42. bxc5 Kd5 43. Kb4 Nc6+ 44. Kb5 Na7+ 45. Kb6 Nc8+ 46. Kb7 Ne7 47. Kb6 Nc8+ 48. Kc7 Ne7 49. Kd7 Nc6 50. Be4+ Kxc5 51. Bxc6 Kd4 52. f3 1-0

[Event "Hamburg St Pauli op-B"]
[Site "Hamburg"]
[Date "2011.07.15"]
[Round "8"]
[White "Haak, Werner"]
[Black "Kalauch, Jonathan"]
[Result "0-1"]
[WhiteElo "1806"]
[BlackElo "1417"]
[PlyCount "82"]
[EventDate "2011.07.09"]
[EventType "swiss"]
[EventRounds "9"]
[EventCountry "GER"]
[SourceTitle "CBM 143 Extra"]
[Source "ChessBase"]
[SourceDate "2011.08.29"]
[SourceVersion "1"]
[SourceVersionDate "2011.08.29"]
[SourceQuality "1"]

1. e4 c5 2. Nf3 Nc6 3. d4 cxd4 4. Nxd4 g6 5. Nc3 Bg7 6. Be3 Nf6 7. Nxc6 bxc6 8. Bc4 0-0 9. Qd2 a5 10. 0-0 d6 11. Rad1 Bb7 12. Rfe1 Nd7 13. Bh6 Bxh6 14. Qxh6 Ne5 15. Bb3 Ba6 16. Ne2 Bxe2 17. Rxe2 a4 18. Bxf7+ Rxf7 19. Qh3 Qb6 20. b3 axb3 21. cxb3 c5 22. Qe6 Qc7 23. f4 Nc6 24. f5 Nd4 25. Qd5 Nxe2+ 26. Kh1 Raf8 27. Qc4 Nd4 28. Rxd4 e5 29. Rd3 gxf5 30. exf5 Kh8 31. g4 Rb8 32. Qe6 Rb4 33. Rxd6 Qb7+ 34. Rd5 Rd4 35. Qxe5+ Kg8 36. Qe8+ Kg7 37. Qe5+ Rf6 38. g5 Qxd5+ 39. Qxd5 Rxd5 40. gxf6+ Kxf6 41. a4 Rd2 0-1

[Event "Hamburg St Pauli op-B"]
[Site "Hamburg"]
[Date "2011.07.12"]
[Round "5"]
[White "Kalauch, Jonathan"]
[Black "Rulfs, Ernst August"]
[Result "1/2-1/2"]
[WhiteElo "1417"]
[BlackElo "1628"]
[PlyCount "38"]
[EventDate "2011.07.09"]
[EventType "swiss"]
[EventRounds "9"]
[EventCountry "GER"]
[SourceTitle "CBM 143 Extra"]
[Source "ChessBase"]
[SourceDate "2011.08.29"]
[SourceVersion "1"]
[SourceVersionDate "2011.08.29"]
[SourceQuality "1"]

1. c4 e5 2. g3 Nf6 3. Bg2 Nc6 4. a3 Bc5 5. Nc3 a6 6. e3 0-0 7. Nge2 Ne7 8. d4 exd4 9. Nxd4 c6 10. 0-0 d5 11. cxd5 Nexd5 12. Nxd5 Nxd5 13. b4 Ba7 14. Bb2 Re8 15. Nf3 Bg4 16. Qc2 Bxf3 17. Bxf3 Qg5 18. e4 Nf6 19. h4 Qxg3+ 1/2-1/2

[Event "Harburg-chI 8th"]
[Site "Hamburg"]
[Date "2010.08.22"]
[Round "4"]
[White "Brandt, Michael"]
[Black "Kalauch, Jonathan"]
[Result "1/2-1/2"]
[WhiteElo "1418"]
[BlackElo "1400"]
[PlyCount "52"]
[EventDate "2010.08.20"]
[EventType "tourn"]
[EventRounds "5"]
[EventCountry "GER"]
[SourceTitle "EXT 2012"]
[Source "ChessBase"]
[SourceDate "2011.11.24"]
[SourceVersion "1"]
[SourceVersionDate "2011.11.24"]
[SourceQuality "1"]

1. d4 Nf6 2. Nf3 g6 3. c4 Bg7 4. Nc3 d5 5. Bg5 0-0 6. e3 Re8 7. Be2 Nc6 8. Bxf6 Bxf6 9. Nxd5 Bg7 10. 0-0 Be6 11. Nc3 Bg4 12. Nd2 Bxe2 13. Qxe2 e5 14. dxe5 Rxe5 15. Nf3 Re8 16. Rad1 Qc8 17. Nd5 Ne7 18. b3 c5 19. Rd3 Nc6 20. Rfd1 Rb8 21. h3 Nd4 22. Nxd4 cxd4 23. Qf3 dxe3 24. Rxe3 Qc5 25. Red3 Rbd8 26. R3d2 Qd6 1/2-1/2

[Event "Harburg-chI 8th"]
[Site "Hamburg"]
[Date "2010.08.21"]
[Round "2"]
[White "Boehme, Matthias"]
[Black "Kalauch, Jonathan"]
[Result "1-0"]
[WhiteElo "1365"]
[BlackElo "1400"]
[PlyCount "65"]
[EventDate "2010.08.20"]
[EventType "tourn"]
[EventRounds "5"]
[EventCountry "GER"]
[SourceTitle "EXT 2012"]
[Source "ChessBase"]
[SourceDate "2011.11.24"]
[SourceVersion "1"]
[SourceVersionDate "2011.11.24"]
[SourceQuality "1"]

1. e4 c5 2. d4 cxd4 3. c3 dxc3 4. Nxc3 Nc6 5. Nf3 g6 6. Bc4 Bg7 7. 0-0 Nf6 8. Bg5 0-0 9. Qe2 Re8 10. Rfd1 Qc7 11. Nb5 Qb8 12. Rac1 a6 13. Nbd4 Nxd4 14. Nxd4 b5 15. Bb3 e5 16. Nf3 Ra7 17. Rc5 Rc7 18. Rxe5 Rxe5 19. Nxe5 d6 20. Rxd6 Bb7 21. Rd1 Nxe4 22. Rd8+ Qxd8 23. Bxd8 Rc1+ 24. Bd1 Bxe5 25. f3 Bd4+ 26. Kf1 Nf2 27. Qe8+ Kg7 28. Qd7 Rxd1+ 29. Ke2 Ba8 30. Bh4 Bc3 31. Qc8 Rd2+ 32. Kf1 Bd5 33. Qxc3+ 1-0

[Event "Harburg-chI 8th"]
[Site "Hamburg"]
[Date "2010.08.21"]
[Round "3"]
[White "Kalauch, Jonathan"]
[Black "Kalauch, Lucas"]
[Result "0-1"]
[WhiteElo "1400"]
[BlackElo "1417"]
[PlyCount "26"]
[EventDate "2010.08.20"]
[EventType "tourn"]
[EventRounds "5"]
[EventCountry "GER"]
[SourceTitle "EXT 2012"]
[Source "ChessBase"]
[SourceDate "2011.11.24"]
[SourceVersion "1"]
[SourceVersionDate "2011.11.24"]
[SourceQuality "1"]

1. c4 e5 2. g3 Nc6 3. Bg2 f5 4. e3 Nf6 5. d3 Bb4+ 6. Bd2 d5 7. cxd5 Nxd5 8. Bxb4 Ndxb4 9. Ke2 0-0 10. Nc3 Be6 11. Nf3 e4 12. dxe4 Bc4+ 13. Ke1 Nd3+ 0-1

[Event "Harburg-chL 7th"]
[Site "Hamburg"]
[Date "2009.07.05"]
[Round "4"]
[White "Kalauch, Jonathan"]
[Black "Boehme, Matthias"]
[Result "1/2-1/2"]
[WhiteElo "1127"]
[BlackElo "1188"]
[PlyCount "55"]
[EventDate "2009.07.03"]
[EventType "swiss"]
[EventRounds "5"]
[EventCountry "GER"]
[SourceTitle "EXT 2010"]
[Source "ChessBase"]
[SourceDate "2010.11.25"]
[SourceVersion "1"]
[SourceVersionDate "2010.11.25"]
[SourceQuality "1"]

1. d4 Nf6 2. Nf3 Nc6 3. e3 e6 4. Bd3 Bd6 5. Nbd2 e5 6. c3 Qe7 7. Qc2 0-0 8. dxe5 Nxe5 9. Nxe5 Bxe5 10. Nf3 Bd6 11. 0-0 b6 12. e4 Bb7 13. Bg5 Rfe8 14. Bxf6 Qxf6 15. Rfe1 Re7 16. e5 Bxe5 17. Nxe5 Rxe5 18. Rxe5 Qxe5 19. Bxh7+ Kf8 20. Bd3 Qg5 21. Be4 Bxe4 22. Qxe4 Re8 23. Qd3 Qe5 24. h3 d6 25. Qd2 Qb5 26. b4 Re2 27. Qf4 Qd5 28. c4 1/2-1/2

[Event "Harburg-chJ 6th"]
[Site "Hamburg"]
[Date "2008.07.19"]
[Round "3"]
[White "Schloesser, Simon"]
[Black "Kalauch, Jonathan"]
[Result "0-1"]
[WhiteElo "937"]
[BlackElo "878"]
[PlyCount "114"]
[EventDate "2008.07.18"]
[EventType "tourn"]
[EventRounds "5"]
[EventCountry "GER"]
[SourceTitle "EXT 2009"]
[Source "ChessBase"]
[SourceDate "2008.11.26"]
[SourceVersion "1"]
[SourceVersionDate "2008.11.26"]
[SourceQuality "1"]

1. e4 c5 2. Nf3 Nc6 3. d4 cxd4 4. Nxd4 g6 5. Nxc6 bxc6 6. Bc4 Bg7 7. Nc3 d6 8. 0-0 Nf6 9. Re1 0-0 10. Bg5 Qa5 11. Qd2 Qb6 12. b3 Qa5 13. Na4 Qxd2 14. Bxd2 Nxe4 15. Rad1 Nxd2 16. Rxd2 Re8 17. Rxd6 Bb7 18. Rd7 Bc8 19. Rdxe7 Rxe7 20. Rxe7 Be6 21. Bxe6 fxe6 22. Rxe6 Rc8 23. h3 Rc7 24. Nc5 Bd4 25. Re8+ Kf7 26. Rh8 Bxh8 27. Kf1 Re7 28. f4 Re8 29. Nb7 Kg7 30. Kf2 Re4 31. Kf3 Re7 32. Nd6 Rd7 33. Nc4 Kg8 34. g4 Kf8 35. Ke4 Ke7 36. h4 Rd4+ 37. Ke3 Rd1 38. Na5 c5 39. Nc6+ Kd6 40. Nxa7 Rh1 41. Nc8+ Kd7 42. Nb6+ Kc6 43. Nc4 Rxh4 44. Kf3 Rh2 45. Ne3 Bd4 46. Nc4 Rxc2 47. a4 Ra2 48. Ke4 Re2+ 49. Kd3 Re8 50. b4 Ra8 51. b5+ Kb7 52. a5 Bf6 53. a6+ Ka7 54. Ke4 Rb8 55. Nd6 Be7 56. Kd5 Bxd6 57. Kxd6 Rxb5 0-1

[Event "Harburg-chI 5th"]
[Site "Hamburg"]
[Date "2007.07.08"]
[Round "5"]
[White "Hemp, Oliver"]
[Black "Kalauch, Jonathan"]
[Result "1/2-1/2"]
[WhiteElo "1030"]
[BlackElo "902"]
[PlyCount "43"]
[EventDate "2007.07.06"]
[EventType "swiss"]
[EventRounds "5"]
[EventCountry "GER"]
[SourceTitle "EXT 2008"]
[Source "ChessBase"]
[SourceDate "2007.11.25"]
[SourceVersion "1"]
[SourceVersionDate "2007.11.25"]
[SourceQuality "1"]

1. e4 c5 2. Nf3 Nc6 3. d4 cxd4 4. Nxd4 g6 5. Nc3 Bg7 6. Nb3 Nf6 7. f4 d6 8. h3 e5 9. Qf3 Nb4 10. Bd3 Be6 11. a3 Nxd3+ 12. Qxd3 Nd7 13. Bd2 exf4 14. Bxf4 0-0 15. 0-0-0 Nf6 16. Qxd6 Bxb3 17. Qxd8 Raxd8 18. cxb3 Rc8 19. Kb1 Rfd8 20. Rxd8+ Rxd8 21. Bg5 Rc8 22. Rd1 1/2-1/2